000 00905nam a2200265Ia 4500
003 OSt
005 20220930072659.0
006 a|||||r|||| 00| 0
007 ta
008 220926b |||||||| |||| 00| 0 eng d
024 _a24747
037 _cTheses
040 _aCRL
_cCRL
_beng
041 _2eng
_aeng
100 _aRao Krishna
110 _aUniversity of Delhi. Faculty of Medical Sciences. Department of Surgery
245 0 _aEffect of induction chemotherapy on locally advanced breast cancers with relevance to clinical response, histological grading and growth fraction of the tumour
260 _c1998
300 _a103p.
_ap.
_ccm.
650 _aSURGERY
700 _a Dr R Chaudhury Supervisor
_9530250
700 _aUniversity of Delhi. Faculty of Medical Sciences. Department of Surgery
942 _cDIS
_2CC
999 _c864182
_d864182